Statistiques concernant Inazuma Eleven Go Galaxy - Noms d'épisodes

Cliquez ici pour prendre le quiz!

Statistiques générales

  • Ce quiz a été pris 11 fois
  • Le résultat moyen est 9 sur 43

Statistiques - réponses

NuméroRéponse% Correct
38Arion contre Victor
56%
1La pire équipe Inazuma de tous les temps
44%
43Le dernier tir
44%
41Des totems incontrôlables
33%
16Faisons-nous confiance
33%
37Falam Medius
33%
20La planète de sable
33%
32La planète verte
33%
9Les larmes de l'empereur
33%
42Ouragan cyclonique
33%
6Un ennemi dans l'équipe
33%
33Amitié éternelle
22%
7Amusons-nous en jouant au football
22%
23Apparition d'un totem
22%
10La chambre noire : un entraînement puissance trois
22%
14La Rébellion Japon
22%
4La vérité cachée sur l'équipe
22%
25Le côté obscur de Falco
22%
8Les deux visages de Buddy Fury
22%
39Libère ton totem
22%
26Résurgence du côté obscur
22%
31Totems jumeaux
22%
27Un but contre son camp
22%
2Un début de tournoi compliqué
22%
3Un premier pas vers un grand changement
22%
5Un test un peu spécial
22%
21Catastrophe dans la chambre noire
11%
11Dégoût de soi-même
11%
34De rage et des larmes
11%
17La fin d'un combat, le début d'un autre
11%
28La planète ardente
11%
36La revanche de la planète Ixar
11%
15Le défi pour la coupe du monde
11%
22Le football de l'espace
11%
13Le secret de la victoire
11%
24Les guerriers de l'eau
11%
29Les guerriers sans ailes
11%
35Les pierres d'espoir
11%
18Le visiteur venu d'ailleurs
11%
40Notre dernière bataille
11%
30Résister, envers et contre tout
11%
12Une confession très publique
11%
19Voyage dans l'espace
11%

Distribution des résultats

Percentile par nombre de réponses

% des personnes avec chaque résultat

Votre développement - résultats

Vous n’avez pas pris ce quiz